[Event "110th ch-GBR 2024"]
[Site "Hull ENG"]
[Date "2024.08.02"]
[Round "7.15"]
[White "Banerjee, Supratit"]
[Black "Czopor, Maciej"]
[Result "0-1"]
[WhiteTitle "CM"]
[BlackTitle "FM"]
[WhiteElo "2161"]
[BlackElo "2361"]
[WhiteFideId "2410079"]
[BlackFideId "21805431"]
[EventDate "2024.07.27"]

1. e4 c6 2. d4 d5 3. Nd2 dxe4 4. Nxe4 Nf6 5. Nxf6+ exf6 6. c3 Bd6 7. Bd3 O-O 8.
Ne2 Re8 9. O-O Bg4 10. Qc2 g6 11. h3 Bxe2 12. Bxe2 Nd7 13. Bf3 Nf8 14. Bd2 Bc7
15. Rfe1 Ne6 16. Re2 h5 17. Rae1 Kg7 18. Re4 f5 19. R4e2 Qd6 20. g3 h4 21. Bf4
Nxf4 22. Rxe8 Rxe8 23. Rxe8 hxg3 24. Bg2 Nxg2 25. Kxg2 gxf2 26. Qxf2 Qh2+ 27.
Kf1 Qxh3+ 28. Qg2 Qd3+ 29. Qe2 Qb1+ 30. Kg2 Qxa2 31. c4 Qb3 32. Re3 Qb4 33. Re7
Bb8 34. Re8 Bf4 35. Qe7 Bd6 36. Qe2 b6 37. Rd8 Be7 38. Rd7 Bf6 39. Qe8 Qxb2+ 40.
Kf1 Qc1+ 41. Kg2 Qc2+ 42. Kh1 Qd1+ 43. Kg2 Qg4+ 44. Kf1 Qf3+ 45. Kg1 Qd1+ 46.
Kg2 Bxd4 47. Qxf7+ Kh6 48. Qf8+ Kh5 49. Qh8+ Bxh8 50. Rxd1 Kg4 51. Rd8 Be5 52.
Rd7 a5 53. Re7 Bd4 54. Re6 g5 55. Rd6 Bc5 56. Rxc6 f4 57. Rf6 a4 58. Rf7 a3 59.
Ra7 f3+ 60. Kf1 Kg3 0-1

[Event "110th ch-GBR 2024"]
[Site "Hull ENG"]
[Date "2024.08.02"]
[Round "7.16"]
[White "Pein, Malcolm"]
[Black "Eggleston, David J"]
[Result "1-0"]
[WhiteTitle "IM"]
[BlackTitle "IM"]
[WhiteElo "2274"]
[BlackElo "2335"]
[WhiteFideId "400289"]
[BlackFideId "412120"]
[EventDate "2024.07.27"]

1. d4 Nf6 2. c4 e6 3. Nc3 Bb4 4. e3 O-O 5. Bd3 d5 6. a3 Bxc3+ 7. bxc3 dxc4 8.
Bxc4 c5 9. Ne2 Qc7 10. Bd3 e5 11. O-O Nc6 12. Ng3 cxd4 13. cxd4 exd4 14. exd4
Bg4 15. Qc2 Qd6 16. d5 Nd4 17. Qc3 Qxd5 18. Bb2 Rfd8 19. f3 Rac8 20. Qe1 Be6 21.
Rd1 Qc5 22. Kh1 Bc4 23. Bxc4 Qxc4 24. Rxd4 Rxd4 25. Bxd4 Qxd4 26. Nf5 Qd7 27.
Ne7+ Kf8 28. Nxc8 Qxc8 29. Qb4+ Kg8 30. Rd1 g6 31. Qd4 Kg7 32. Qxa7 h5 33. Qd4
Qa8 34. a4 Qa5 35. Rb1 Qa6 36. Rb6 Qf1+ 37. Qg1 Qc4 38. Qa1 Qf4 39. Rxb7 Kg8 40.
a5 h4 41. a6 h3 42. a7 hxg2+ 43. Kxg2 Qd2+ 44. Kh1 1-0

[Event "110th ch-GBR 2024"]
[Site "Hull ENG"]
[Date "2024.08.02"]
[Round "7.17"]
[White "Willow, Jonah B"]
[Black "Khoury, Theo"]
[Result "0-1"]
[WhiteTitle "IM"]
[WhiteElo "2416"]
[BlackElo "2113"]
[WhiteFideId "438804"]
[BlackFideId "480703"]
[EventDate "2024.07.27"]

1. Nf3 d5 2. c4 e6 3. g3 d4 4. Bg2 Nc6 5. O-O Nf6 6. d3 Bc5 7. Nbd2 e5 8. Nb3
Be7 9. e3 O-O 10. exd4 exd4 11. Bg5 h6 12. Bxf6 Bxf6 13. Re1 Bf5 14. Nc5 Qd6 15.
Nxb7 Qb4 16. Nh4 Bd7 17. Qb3 Qb6 18. c5 Qxb3 19. axb3 Rab8 20. Na5 Nxa5 21. Rxa5
Rxb3 22. Rxa7 Rxd3 23. Rxc7 Be6 24. Rb7 Rd2 25. b4 d3 26. Nf3 Rc2 27. Rd1 Rd8
28. Ne1 Rc3 29. Nxd3 Rcxd3 30. Rxd3 Rxd3 31. Be4 Rd7 32. Rb6 Bh3 33. f4 Bd4+ 34.
Kh1 Bxc5 35. Rb8+ Bf8 36. Kg1 Rd4 0-1

[Event "110th ch-GBR 2024"]
[Site "Hull ENG"]
[Date "2024.08.02"]
[Round "7.18"]
[White "Williams, Simon K"]
[Black "Sivanandan, Bodhana"]
[Result "1-0"]
[WhiteTitle "GM"]
[BlackTitle "WFM"]
[WhiteElo "2450"]
[BlackElo "2185"]
[WhiteFideId "404454"]
[BlackFideId "497592"]
[EventDate "2024.07.27"]

1. d4 d5 2. c4 c6 3. Nc3 Nf6 4. Nf3 e6 5. g4 Nxg4 6. Rg1 Nf6 7. Bf4 Nbd7 8. Qc2
g6 9. O-O-O Bb4 10. Bh6 Qa5 11. cxd5 Nxd5 12. Nxd5 cxd5 13. Kb1 Nb6 14. Ne5 Bd6
15. e4 dxe4 16. Qxe4 Qd5 17. Qe2 Qa5 18. d5 Nxd5 19. Nc4 Qc5 20. Bg2 Be7 21.
Rge1 Nb6 22. Ne5 Nd7 23. Ng4 Qf5+ 24. Be4 Qh5 25. Bf3 Qf5+ 26. Ka1 Bg5 27. Rd5
e5 28. Nxe5 Qe6 29. Bxg5 f6 30. Nxd7 Qxe2 31. Rxe2+ Kf7 32. Bxf6 Re8 33. Rxe8
Kxe8 34. Bg4 Kf7 35. Bc3 h5 36. Ne5+ Ke8 37. Bxc8 Rxc8 38. Nxg6 Rc6 39. Nf4 Kf7
40. Rxh5 Rd6 41. a3 a6 42. h4 b5 43. Rh7+ Ke8 44. h5 Rd1+ 45. Ka2 Rh1 46. Bf6
Re1 47. h6 Re4 48. Re7+ Rxe7 49. Bxe7 Kxe7 50. h7 Kf7 51. h8=Q Ke7 52. Qe5+ Kf7
53. Qe6+ Kg7 54. Qg6+ Kh8 55. Qf7 a5 56. Ng6# 1-0

[Event "110th ch-GBR 2024"]
[Site "Hull ENG"]
[Date "2024.08.02"]
[Round "7.19"]
[White "Motwani, Paul"]
[Black "Sachdeva, Ronit"]
[Result "1-0"]
[WhiteTitle "GM"]
[WhiteElo "2414"]
[BlackElo "1972"]
[WhiteFideId "2400022"]
[BlackFideId "343401589"]
[EventDate "2024.07.27"]

1. e4 e5 2. Nf3 Nc6 3. d4 exd4 4. Nxd4 Nf6 5. Nxc6 bxc6 6. Bd3 d5 7. e5 Ng4 8.
O-O Bc5 9. Bf4 h5 10. Nc3 a5 11. Qd2 Be6 12. Rae1 Be7 13. Qe2 Rb8 14. Nd1 Bc5
15. Qd2 Be7 16. Qxa5 Bb4 17. Qa4 Bxe1 18. Rxe1 Bd7 19. Qa5 g5 20. Bd2 Ra8 21.
Qc3 O-O 22. h3 Nh6 23. h4 Nf5 24. Bxg5 Qc8 25. Qd2 Ra4 26. b4 c5 27. Bf6 1-0

[Event "110th ch-GBR 2024"]
[Site "Hull ENG"]
[Date "2024.08.02"]
[Round "7.20"]
[White "Davies, Nigel R"]
[Black "Badacsonyi, Stanley"]
[Result "1/2-1/2"]
[WhiteTitle "GM"]
[BlackTitle "CM"]
[WhiteElo "2325"]
[BlackElo "2178"]
[WhiteFideId "404420"]
[BlackFideId "486973"]
[EventDate "2024.07.27"]

1. d4 Nf6 2. Nf3 g6 3. Bg5 Bg7 4. Nbd2 c5 5. c3 cxd4 6. cxd4 O-O 7. e3 Nc6 8.
Be2 d6 9. O-O h6 10. Bh4 Bf5 11. Rc1 g5 12. Bg3 Nh5 13. Ne1 Nxg3 14. hxg3 d5 15.
Nb3 Qd6 16. f4 b6 17. Bd3 Bxd3 18. Nxd3 e6 19. Ne5 Ne7 20. Qd3 1/2-1/2

[Event "110th ch-GBR 2024"]
[Site "Hull ENG"]
[Date "2024.08.02"]
[Round "7.21"]
[White "Boswell, Jacob Connor"]
[Black "Mirzoeva, Elmira"]
[Result "1-0"]
[BlackTitle "WGM"]
[WhiteElo "2241"]
[BlackElo "2282"]
[WhiteFideId "427110"]
[BlackFideId "4127951"]
[EventDate "2024.07.27"]

1. d4 Nf6 2. c4 e6 3. Nf3 Bb4+ 4. Bd2 a5 5. a3 Bxd2+ 6. Qxd2 d6 7. Nc3 O-O 8. e4
e5 9. Be2 Qe7 10. dxe5 dxe5 11. Nd5 Nxd5 12. cxd5 Bg4 13. Qg5 Qxg5 14. Nxg5 Bxe2
15. Kxe2 Ra6 16. Rac1 Rb6 17. Rc2 Na6 18. Nf3 Re8 19. Rd1 Kf8 20. Nd2 Rg6 21. g3
b6 22. b4 axb4 23. axb4 c5 24. bxc5 Nxc5 25. Ra1 h5 26. f3 Rf6 27. Ke3 g5 28.
Ra7 g4 29. f4 exf4+ 30. gxf4 h4 31. e5 Rg6 32. Ne4 Nxe4 33. Kxe4 Rh6 34. Kf5 g3
35. hxg3 hxg3 36. Rg2 Rd8 37. d6 Rg6 38. Ra3 b5 39. Raxg3 Rxg3 40. Rxg3 b4 41.
Kf6 Rb8 42. Rh3 Kg8 43. d7 Rb6+ 44. Ke7 Re6+ 45. Kd8 Rc6 46. f5 Kf8 47. e6 fxe6
48. fxe6 Rxe6 49. Rf3+ Kg7 50. Kc7 Re7 51. Kc8 1-0

[Event "110th ch-GBR 2024"]
[Site "Hull ENG"]
[Date "2024.08.02"]
[Round "7.22"]
[White "Taylor, Adam A"]
[Black "Salmons, Calum"]
[Result "1-0"]
[WhiteElo "2281"]
[BlackElo "1999"]
[WhiteFideId "415790"]
[BlackFideId "437280"]
[EventDate "2024.07.27"]

1. Nf3 d5 2. c4 c6 3. b3 Nf6 4. Bb2 h6 5. g3 Bf5 6. Bg2 e6 7. O-O Nbd7 8. d3 Be7
9. Nc3 Bh7 10. a3 a5 11. Na4 O-O 12. Bd4 b5 13. cxb5 cxb5 14. Nc3 b4 15. axb4
Bxb4 16. Na4 Qe7 17. Bb2 Nc5 18. Nd4 Qb7 19. Nxc5 Bxc5 20. Qd2 Rfb8 21. Rfc1 Qb6
22. e3 Bxd4 23. Bxd4 Qxb3 24. Bxf6 gxf6 25. e4 dxe4 26. dxe4 Qb2 27. Rc8+ 1-0

[Event "110th ch-GBR 2024"]
[Site "Hull ENG"]
[Date "2024.08.02"]
[Round "7.23"]
[White "Kanyamarala, Trisha"]
[Black "Pein, Jonathan"]
[Result "0-1"]
[WhiteTitle "WIM"]
[BlackTitle "FM"]
[WhiteElo "2165"]
[BlackElo "2279"]
[WhiteFideId "45004722"]
[BlackFideId "417092"]
[EventDate "2024.07.27"]

1. d4 d5 2. c4 Nc6 3. Nf3 e5 4. dxe5 d4 5. a3 Nge7 6. g3 Ng6 7. Bg2 Ngxe5 8.
Nxe5 Nxe5 9. O-O Be7 10. b3 O-O 11. Bb2 Bf6 12. Ra2 c5 13. Nd2 Qb6 14. h3 Re8
15. Ba1 Bd7 16. Ne4 Rad8 17. Nxf6+ Qxf6 18. f4 Ng6 19. e4 Bc6 20. Re1 Nf8 21.
Qd3 Re7 22. Rae2 Rde8 23. Bb2 Qd6 24. Bc1 Qb8 25. a4 b6 26. g4 Ng6 27. Rf1 Qb7
28. Rfe1 f6 29. Kh2 Qc7 30. Kg3 Nh8 31. Kf2 Nf7 32. Kg1 Qb7 33. h4 Nd6 34. e5
fxe5 35. fxe5 Nf7 36. e6 Nd8 37. Bg5 Rxe6 38. Rxe6 Rxe6 39. Rxe6 Nxe6 40. Qe2
Nxg5 41. hxg5 Qd7 42. Bxc6 Qxc6 43. Qe7 a5 44. Kh2 h6 45. Qd8+ Kh7 46. gxh6
Qxh6+ 47. Kg3 Qe3+ 48. Kg2 d3 49. Qh4+ Kg6 50. Qh5+ Kf6 51. Qd5 d2 52. Qd6+ Kg5
53. Qd5+ Kxg4 54. Qd7+ Kh5 55. Qf7+ Kh6 0-1

[Event "110th ch-GBR 2024"]
[Site "Hull ENG"]
[Date "2024.08.02"]
[Round "7.24"]
[White "Merriman, John"]
[Black "Starley, Robert"]
[Result "1-0"]
[WhiteTitle "FM"]
[WhiteElo "2251"]
[BlackElo "2028"]
[WhiteFideId "402362"]
[BlackFideId "421006"]
[EventDate "2024.07.27"]

1. d4 Nf6 2. c4 e6 3. Nc3 Bb4 4. e3 O-O 5. Bd3 d5 6. Ne2 dxc4 7. Bxc4 c5 8. a3
cxd4 9. exd4 Be7 10. O-O Nc6 11. Qd3 b6 12. Rd1 Bb7 13. Ba2 Qd7 14. Qh3 Rfd8 15.
Bf4 Rac8 16. b4 Bf8 17. Bg5 Be7 18. Rac1 Nd5 19. Bd2 Nb8 20. Bb1 g6 21. Ne4 Rxc1
22. Bxc1 Qa4 23. Re1 Nd7 24. N2c3 Qc6 25. Bg5 Bxg5 26. Nxg5 N7f6 27. Nce4 Kg7
28. Qg3 h6 29. Nxf6 Nxf6 30. Nxe6+ fxe6 31. Qxg6+ Kh8 32. Qxf6+ Kg8 33. Qxd8+
Kf7 34. d5 1-0

[Event "110th ch-GBR 2024"]
[Site "Hull ENG"]
[Date "2024.08.02"]
[Round "7.25"]
[White "Rathbone-Jones, Ifan"]
[Black "Villiers, Thomas"]
[Result "0-1"]
[BlackTitle "CM"]
[WhiteElo "2014"]
[BlackElo "2229"]
[WhiteFideId "1803859"]
[BlackFideId "427209"]
[EventDate "2024.07.27"]

1. d4 c5 2. c3 e6 3. Bf4 Nc6 4. e3 d5 5. Nf3 Nf6 6. Nbd2 Be7 7. Bd3 Nh5 8. Bg3
Nxg3 9. hxg3 h6 10. a4 Qc7 11. Qe2 Bd7 12. O-O O-O 13. e4 cxd4 14. exd5 exd5 15.
Nxd4 Rfe8 16. Nb5 Qb8 17. Nf3 Bc5 18. Qc2 Qxg3 19. Bh7+ Kh8 20. Bf5 Ne5 21. Kh1
Qf4 22. Bxd7 Nxf3 23. g3 Qg5 24. Bxe8 Rxe8 25. Qd1 Re2 26. Kg2 Nh4+ 27. Kh3 Qf5+
28. Kh2 Qf3 29. gxh4 Bxf2 0-1

[Event "110th ch-GBR 2024"]
[Site "Hull ENG"]
[Date "2024.08.02"]
[Round "7.26"]
[White "Hobson, Kenneth"]
[Black "Bradbury, Neil H"]
[Result "0-1"]
[WhiteTitle "CM"]
[BlackTitle "IM"]
[WhiteElo "2266"]
[BlackElo "2153"]
[WhiteFideId "480819"]
[BlackFideId "400513"]
[EventDate "2024.07.27"]

1. e4 c6 2. Nf3 d5 3. exd5 cxd5 4. Ne5 Nc6 5. d4 Nxe5 6. dxe5 e6 7. Bd3 Ne7 8.
Bf4 Ng6 9. Bg3 Be7 10. Nd2 O-O 11. c3 d4 12. Nf3 dxc3 13. bxc3 Qa5 14. O-O Rd8
15. Qe2 Qxc3 16. Rfd1 Bd7 17. Rac1 Qa3 18. Nd4 Ba4 19. Nb3 Rac8 20. Rxc8 Rxc8
21. h4 Nf8 22. h5 h6 23. Bf4 Bxb3 24. axb3 Qxb3 25. Be4 Bg5 26. Bxg5 hxg5 27.
Rb1 Qa3 28. Rxb7 Qa1+ 29. Rb1 Rc1+ 30. Rxc1 Qxc1+ 31. Kh2 a5 32. g3 a4 33. h6
gxh6 34. Qf3 a3 35. Bc6 Ng6 36. Qd3 Qxc6 37. Qd8+ Kh7 0-1

[Event "110th ch-GBR 2024"]
[Site "Hull ENG"]
[Date "2024.08.02"]
[Round "7.27"]
[White "Murawski, Jan"]
[Black "Rudd, Jack"]
[Result "1/2-1/2"]
[WhiteTitle "CM"]
[BlackTitle "IM"]
[WhiteElo "2121"]
[BlackElo "2243"]
[WhiteFideId "21009287"]
[BlackFideId "405736"]
[EventDate "2024.07.27"]

1. d4 d6 2. e4 Nf6 3. f3 g6 4. c4 Bg7 5. Nc3 O-O 6. Be3 c5 7. d5 e6 8. Qd2 exd5
9. cxd5 Re8 10. Be2 Na6 11. Bxa6 bxa6 12. Nge2 Nd7 13. O-O Ne5 14. Bf2 Rb8 15.
Rab1 a5 16. b3 f5 17. Ng3 Ba6 18. exf5 Bxf1 19. Rxf1 c4 20. bxc4 Nxc4 21. Qd3
Ne5 22. Qd2 Qc7 23. Nce4 Rb2 24. Qe3 Rxa2 25. Rc1 Rc2 26. Rxc2 Qxc2 27. f6 Qd1+
28. Nf1 Bf8 29. f7+ Kxf7 30. Qxa7+ Re7 31. Nxd6+ Kg8 32. Qxa5 Nd3 33. Ne4 Nxf2
34. Nxf2 Qd4 35. Qa2 Ra7 36. Qe2 Bc5 37. g3 Qxd5 38. Nd2 Ra1+ 39. Kg2 Ra2 40.
Qe8+ Kg7 41. Nde4 Qd4 42. Kh3 Rxf2 43. Nxf2 Qxf2 44. Qe5+ Kf7 45. Qf4+ Ke6 46.
Qe4+ Kd6 47. Qf4+ Kc6 48. Qa4+ Kb6 49. Qb3+ Ka5 50. Qc3+ Ka4 51. Qc4+ Ka3 52.
Qa6+ Kb2 53. Qb7+ Kc1 54. Qxh7 Qc2 55. Qf7 Be3 56. f4 Kd2 57. Kh4 Ke1 58. h3 Bf2
59. Kg5 Bxg3 60. Qe6+ Kd2 61. Qd6+ Ke3 62. Qb6+ Kf3 63. Qb7+ Kf2 64. Qb6+ Kg2
65. Qxg6 Qc4 66. Qf5 Qg8+ 67. Qg6 Qd8+ 68. Kf5 Qd5+ 69. Kf6 Qd6+ 70. Kf7 Qxf4+
71. Ke7 Kxh3 72. Qe6+ Kh2 73. Qe2+ Bf2 74. Kd7 Qd4+ 75. Ke6 Kg1 76. Qe5 Qd3 77.
Qg5+ Bg3 78. Qc5+ Bf2 79. Qc1+ Kg2 80. Qg5+ Kh2 81. Qh5+ 1/2-1/2

[Event "110th ch-GBR 2024"]
[Site "Hull ENG"]
[Date "2024.08.02"]
[Round "7.28"]
[White "Toma, Katarzyna"]
[Black "Stubbs, Oliver"]
[Result "0-1"]
[WhiteTitle "WGM"]
[WhiteElo "2241"]
[BlackElo "2146"]
[WhiteFideId "1119907"]
[BlackFideId "441325"]
[EventDate "2024.07.27"]

1. c4 Nf6 2. Nc3 g6 3. g3 Bg7 4. Bg2 O-O 5. Nf3 d5 6. cxd5 Nxd5 7. O-O Nc6 8. d4
Nb6 9. e3 Re8 10. Re1 a5 11. Nh4 a4 12. f4 a3 13. Nf3 axb2 14. Bxb2 Nc4 15. Qe2
Nxb2 16. Qxb2 Ra6 17. Rac1 Bg4 18. Ne5 Nxe5 19. fxe5 Rb6 20. Qf2 c6 21. Rb1 f6
22. d5 fxe5 23. e4 Rxb1 24. Rxb1 Qa5 25. Qe3 Bc8 26. Rb3 Rf8 27. dxc6 bxc6 28.
Qb6 Qa8 29. Bf1 Be6 30. Rb2 Qa3 31. Rc2 Qd6 32. Kg2 Rxf1 33. Kxf1 Qd3+ 34. Re2
Bh3+ 35. Kf2 Qxc3 36. Qb3+ Qxb3 37. axb3 Kf7 38. Rc2 Bd7 39. Ke2 Ke6 40. Kd3 Kd6
41. b4 Bf6 42. h4 Be6 43. Rc1 Bg7 44. Ra1 Bh3 45. Rh1 Bc8 46. Ra1 Kc7 47. Ra7+
Bb7 48. Ra2 Bf6 49. Rf2 Ba6+ 50. Kc3 Kd6 51. Rh2 h5 52. Rd2+ Ke6 53. Rf2 Bb5 54.
Kc2 Kf7 55. Kc3 Kg7 56. Ra2 g5 57. Rh2 Kg6 58. Kd2 Bg7 59. Rf2 Bh6 60. Kc2 gxh4
61. gxh4 Bf4 62. Kc3 Kf7 63. Rg2 Ba6 64. Kc2 Bc8 65. Kd3 Be6 66. Rc2 Bd7 67. Rg2
Bh3 68. Rg1 Ke6 69. Ra1 Kd6 70. Rh1 Bg4 71. Ra1 Bg3 72. Rh1 Kc7 73. Rc1 Kb7 74.
Rc5 Kb6 75. Ra5 e6 76. Ke3 Bxh4 77. Rxe5 Be7 0-1

[Event "110th ch-GBR 2024"]
[Site "Hull ENG"]
[Date "2024.08.02"]
[Round "7.29"]
[White "Shafi, Declan"]
[Black "Mannion, Stephen R"]
[Result "1/2-1/2"]
[BlackTitle "IM"]
[WhiteElo "2222"]
[BlackElo "2139"]
[WhiteFideId "2405156"]
[BlackFideId "2400111"]
[EventDate "2024.07.27"]

1. d4 d5 2. c4 dxc4 3. e4 e5 4. Nf3 Bb4+ 5. Nc3 exd4 6. Nxd4 Nd7 7. Bxc4 Ngf6 8.
O-O O-O 9. a3 Bxc3 10. bxc3 Nxe4 11. Qc2 Ndf6 12. Bf4 c5 13. Nb5 Bf5 14. Qb2 Nh5
15. f3 Nxf4 16. fxe4 Be6 17. Bxe6 fxe6 18. g3 Qg5 19. Nc7 Rac8 20. Qxb7 Ne2+ 21.
Kg2 Qd2 22. Kh1 Qd7 23. Rxf8+ Rxf8 24. Qa6 Nxc3 25. Qxe6+ Rf7 26. Qxd7 Rxd7 27.
Ne6 Nxe4 28. Re1 Nf2+ 29. Kg2 Nd3 30. Re4 h6 31. Rc4 Re7 32. Nf4 Nxf4+ 33. gxf4
Re2+ 34. Kg3 Re3+ 35. Kg4 Rxa3 36. Rxc5 a5 37. Kf5 Kh7 38. h4 a4 39. Ra5 Ra1 40.
h5 a3 41. Ra7 Kg8 42. Ra8+ Kh7 43. Ra7 a2 44. Ra8 Rh1 45. Rxa2 Rxh5+ 46. Kg4 Rb5
47. Ra4 h5+ 48. Kg3 Kg6 49. Ra6+ Kf5 50. Ra3 g6 51. Rc3 Rd5 52. Ra3 Ke4 53. Ra6
Rd3+ 54. Kh4 Kf5 55. Ra5+ Kxf4 56. Ra6 g5+ 57. Kxh5 Rh3+ 58. Kg6 g4 59. Ra4+ Kf3
60. Ra3+ Kg2 61. Ra2+ Kh1 62. Ra1+ Kg2 63. Ra2+ Kf3 64. Ra3+ Kg2 1/2-1/2

[Event "110th ch-GBR 2024"]
[Site "Hull ENG"]
[Date "2024.08.02"]
[Round "7.30"]
[White "Ledger, Dave J"]
[Black "Shearsby, Jude"]
[Result "1-0"]
[WhiteTitle "FM"]
[WhiteElo "2201"]
[BlackElo "2130"]
[WhiteFideId "401986"]
[BlackFideId "462527"]
[EventDate "2024.07.27"]

1. e4 c5 2. Nf3 e6 3. d4 cxd4 4. Nxd4 Nf6 5. Nc3 Nc6 6. Ndb5 Bc5 7. Nd6+ Ke7 8.
Bf4 e5 9. Nf5+ Kf8 10. Bg5 d6 11. Ne3 Bxe3 12. Bxe3 Be6 13. Be2 d5 14. exd5 Nxd5
15. Nxd5 Qxd5 16. Qxd5 Bxd5 17. f3 Rc8 18. O-O-O Bxa2 19. Rd7 Na5 20. b4 Be6 21.
Bc5+ Kg8 22. Re7 h5 23. Rd1 b6 24. Ba6 Ra8 25. Rxe6 fxe6 26. Bd6 Kf7 27. bxa5
Rad8 28. axb6 axb6 29. Bxe5 Rxd1+ 30. Kxd1 Ra8 31. Bd3 h4 32. Kd2 Ra5 33. Bf4
Ra1 34. Be3 Rb1 35. Ke2 Kf6 36. f4 e5 37. fxe5+ Kxe5 38. Kf3 b5 39. h3 b4 40.
Bc4 Kf5 41. Bd4 g6 42. Bd3+ Kg5 43. Be3+ Kh5 44. Bc4 Rd1 45. Kf2 1-0

[Event "110th ch-GBR 2024"]
[Site "Hull ENG"]
[Date "2024.08.02"]
[Round "7.31"]
[White "Southcott-Moyers, Indy"]
[Black "Lentzos, Ioanis"]
[Result "1/2-1/2"]
[WhiteTitle "CM"]
[WhiteElo "2200"]
[BlackElo "2119"]
[WhiteFideId "488542"]
[BlackFideId "4255470"]
[EventDate "2024.07.27"]

1. c4 c6 2. d4 d5 3. Nf3 Nf6 4. cxd5 cxd5 5. Nc3 Nc6 6. Bf4 a6 7. Rc1 Bf5 8. e3
Rc8 9. Be2 e6 10. O-O Bd6 11. Bxd6 Qxd6 12. Na4 O-O 13. Qb3 Rc7 14. Nc5 Qe7 15.
Qa3 Rfc8 16. b4 Bg4 17. Qb2 Bxf3 18. Bxf3 e5 19. a3 exd4 20. exd4 Ne4 21. Rfe1
f5 22. Bxe4 fxe4 23. f3 Qf6 24. fxe4 Qxd4+ 25. Qxd4 Nxd4 26. Rcd1 Nc2 27. Re2
dxe4 28. Rxc2 1/2-1/2

[Event "110th ch-GBR 2024"]
[Site "Hull ENG"]
[Date "2024.08.02"]
[Round "7.32"]
[White "Brewer, Callum D"]
[Black "Subramanian, Anusha"]
[Result "1/2-1/2"]
[BlackTitle "WCM"]
[WhiteElo "2182"]
[BlackElo "2033"]
[WhiteFideId "435309"]
[BlackFideId "477710"]
[EventDate "2024.07.27"]

1. e4 e5 2. Nf3 Nc6 3. d4 exd4 4. Nxd4 Bc5 5. Nb3 Bb6 6. Nc3 d6 7. Qe2 Nf6 8.
Bg5 h6 9. Bh4 g5 10. Bg3 Qe7 11. h4 g4 12. h5 Be6 13. O-O-O O-O-O 14. Bh4 Ne5
15. Na4 Bc4 16. Nxb6+ axb6 17. Qe3 Bxf1 18. Rhxf1 Rde8 19. Nd4 Ned7 20. Qa3 Qe5
21. Qa8+ Nb8 22. f3 gxf3 23. Rxf3 Nxe4 24. Rxf7 Rhf8 25. Rxf8 Rxf8 26. Nf3 Qxh5
27. Qa4 Qf5 28. Kb1 Nc5 29. Qc4 Nc6 30. a3 Re8 31. Qc3 Kb8 32. Re1 Rg8 33. Qd2
h5 34. Re2 Nb3 35. Qe3 Nc5 36. Be1 Rf8 37. Nh4 Qf4 38. Qxf4 Rxf4 39. Re8+ Ka7
40. Nf3 Rg4 41. Rh8 Rxg2 42. Rxh5 Re2 43. Rh1 Re3 44. Rf1 Ne5 45. Nd4 c6 46. Bd2
Re4 47. Nf5 Re2 48. Bf4 Ne4 49. Kc1 Nc4 50. Nd4 Rf2 51. Rxf2 Nxf2 52. b3 Ne5 53.
Kd2 Ne4+ 54. Ke3 Nf6 55. c4 b5 56. cxb5 Nd5+ 57. Ke4 Nxf4 58. Kxf4 Kb6 59. bxc6
bxc6 60. Ke4 Nd7 61. Kd3 Nc5+ 62. Kc3 Ne4+ 63. Kd3 Nc5+ 1/2-1/2

[Event "110th ch-GBR 2024"]
[Site "Hull ENG"]
[Date "2024.08.02"]
[Round "7.33"]
[White "Evans, Ruben"]
[Black "Hryshchenko, Kamila"]
[Result "1-0"]
[BlackTitle "WFM"]
[WhiteElo "1954"]
[BlackElo "2181"]
[WhiteFideId "472018"]
[BlackFideId "14147491"]
[EventDate "2024.07.27"]

1. d4 d6 2. c4 g6 3. Nc3 Bg7 4. e4 Nf6 5. Be2 O-O 6. Nf3 e5 7. O-O Nc6 8. d5 Ne7
9. Ne1 Nd7 10. Be3 f5 11. f3 h5 12. Rc1 f4 13. Bf2 g5 14. c5 a6 15. cxd6 cxd6
16. Qb3 Rf6 17. Qa3 Ng6 18. Nb5 Ndf8 19. Nc7 Rb8 20. Ba7 Bd7 21. Bxb8 Qxb8 22.
Qb3 Qa7+ 23. Kh1 g4 24. a4 g3 25. h3 Qb8 26. Rc2 Qd8 27. Ne6 Qe7 28. Qxb7 Rf7
29. Rg1 Qh4 30. Qb3 Nh7 31. Bf1 Ngf8 32. Rc7 Ng5 33. Nxg5 Bxh3 34. Nxh3 Rxc7 35.
Qb4 Qd8 36. Bxa6 Nh7 37. Bf1 Ng5 38. a5 Rc1 39. Qd2 Ra1 40. b4 Bh6 41. Qc3 Ra2
42. Nc2 Qd7 43. b5 Ra4 44. b6 Rxe4 45. fxe4 Nxe4 46. Qf3 Nf6 47. Bd3 Qd8 48. Bf5
e4 49. Bxe4 Ng4 50. Rf1 Qh4 51. b7 1-0

[Event "110th ch-GBR 2024"]
[Site "Hull ENG"]
[Date "2024.08.02"]
[Round "7.34"]
[White "Madhavan, Sanjith"]
[Black "Verma, Shlok"]
[Result "1-0"]
[WhiteElo "1950"]
[BlackElo "2102"]
[WhiteFideId "2408562"]
[BlackFideId "441228"]
[EventDate "2024.07.27"]

1. e4 e6 2. d4 d5 3. Nd2 c5 4. exd5 Qxd5 5. Ngf3 cxd4 6. Bc4 Qd6 7. O-O Nf6 8.
Nb3 Nc6 9. Nbxd4 Nxd4 10. Qxd4 Qxd4 11. Nxd4 Bd7 12. Be2 Bc5 13. Nb3 Bd6 14. Rd1
Ke7 15. Bg5 Rac8 16. Rd2 Be5 17. Rad1 Rhd8 18. Na5 Be8 19. c3 Rxd2 20. Rxd2 b6
21. Nc4 Bb8 22. Bxf6+ gxf6 23. Rd4 Bc6 24. Rh4 Rh8 25. g3 f5 26. Kf1 Kf6 27. Ke1
Kg7 28. Rd4 Bd5 29. a4 Rc8 30. Ne3 Be5 31. Rd2 Bc6 32. Ba6 Rc7 33. f4 Bf6 34.
Bb5 Bb7 35. Rd7 Rxd7 36. Bxd7 Kf8 37. Bb5 Ke7 38. Kd2 Bg7 39. Bd3 Kd7 40. Nc4 f6
41. Ke3 Bc6 42. Bc2 Kc7 43. a5 bxa5 44. Nxa5 Ba8 45. b4 Bf8 46. Nb3 Bc6 47. Nd4
Bd7 48. Nf3 Kb6 49. Nd2 Kb5 50. Kd4 Bd6 51. Nc4 Be7 52. Bb3 Ka6 53. Nb2 Bd6 54.
Nd3 Kb6 55. c4 Bc7 56. Bd1 Bc6 57. Ke3 a5 58. bxa5+ Kxa5 59. Bf3 Bd7 60. Kd4 Kb6
61. c5+ Kb5 62. Be2 Ka5 63. Bf3 Kb5 64. Bh5 Bd8 65. Be2 Ka5 66. Nb2 Be7 67. Bc4
Bf8 68. Nd3 Be7 69. Ne1 Kb4 70. Nc2+ Ka5 71. Bf1 Ba4 72. Ne1 Bc6 73. Bc4 e5+ 74.
fxe5 fxe5+ 75. Kxe5 Bxc5 76. Bd5 Kb6 77. Bxc6 Kxc6 78. Kxf5 Kd5 79. Nf3 h6 80.
g4 Bd6 81. h4 Bg3 82. h5 Kd6 83. Kg6 Bf4 84. Nd4 Ke7 85. Nf5+ Kf8 86. Nxh6 Bd2
87. Nf7 Kg8 88. h6 Bc3 89. h7+ Kf8 90. h8=Q+ 1-0

[Event "110th ch-GBR 2024"]
[Site "Hull ENG"]
[Date "2024.08.02"]
[Round "7.35"]
[White "Kalaiyalahan, Akshaya"]
[Black "Pang, Ethan"]
[Result "1/2-1/2"]
[WhiteTitle "FM"]
[BlackTitle "CM"]
[WhiteElo "2137"]
[BlackElo "2212"]
[WhiteFideId "422894"]
[BlackFideId "496995"]
[EventDate "2024.07.27"]

1. Nf3 c5 2. c4 Nc6 3. d4 cxd4 4. Nxd4 Qb6 5. Nb3 e6 6. Nc3 Nf6 7. e4 Bb4 8. Be3
Qc7 9. f3 O-O 10. Kf2 Rd8 11. Nb5 Qb8 12. a3 Be7 13. Nc3 d5 14. cxd5 exd5 15.
Nxd5 Nxd5 16. exd5 Be6 17. Qc2 Bxd5 18. Bd3 h6 19. Rad1 Bf6 20. Rd2 Kh8 21. Qd1
Qe5 22. f4 Qe7 23. Re1 Qc7 24. Kg1 Re8 25. Bc2 Ne7 26. Nd4 a6 27. Bb1 Rad8 28.
g3 Kg8 29. Qc2 Qxc2 30. Bxc2 Nc6 31. Nxc6 Bxc6 32. Rxd8 Rxd8 33. b3 Bc3 34. Rd1
Rxd1+ 1/2-1/2